000 00520nam a2200181Ia 4500
005 20250326124902.0
008 250326s9999 xx 000 0 und d
037 _aTextbook
040 _aFMSL
_beng
_cFMSL
041 _aeng
_2eng
084 _aX:8DR L1
_qFMSL
100 _aWeinwurm E H
_9738163
245 0 _aLong-term profit planning
_cWeinwurm E H; Weinwurm G F
260 _aUSA
_bUSA, American Management Association
_c1971
300 _a259p
942 _cTB
_hX:8DR L1
999 _c1275638
_d1275638